UK TV gameshows #1 - Statistics

General Stats
  • This quiz has been taken 137 times
  • The average score is 5 of 15
Answer Stats
Description Answer % Correct
Bob Monkhouse, again, then Max Bygraves, then Les Dennis, ITV Central production, "Our survey says..." Family Fortunes
88%
LWT, Bruce Forsyth, " HIGHER" "LOWER", nothing for a pair... Play Your Cards Right
86%
Sunday evening ATV, then Central production, based around darts, presented by Jim Bowen Bullseye
78%
Legendary teatime quiz ITV Central production (original series) presented by Bob Holness Blockbusters
70%
Channel 4, general knowledge quiz, presented by William G Stewart, now Sandy Toksvig Fifteen to One
60%
Time based gameshow BBC TV, presented by Paul Daniels Every Second Counts
38%
BBC bingo-based show, Saturday night with Bob Monkhouse Bobs Full House
29%
Talent show, ATV and Central productions, Derek Hobson, the original MC, later, Marti Caine New Faces
26%
Anglia TV, morning gameshow, presented by Lennie Bennett 88-93 Lucky Ladders
10%
BBC TV, catchphrase "HIT or MISS" presented and devised by DJ Mike Read Pop Quiz
9%
Saturday evening, LWT production, 9 celebrities in boxes, presented by Lennie Bennett Punchlines
8%
Granada TV produced quiz show, travel theme, Chris Serle, then Richard Madeley presented Runway
8%
Schools based quiz on radio and TV, amongst the presenters, Bob Holness and David, and Richard Dimbleby Top of the Form
8%
Julian Pettifer, Sarah Kennedy, finally Elton Welsby presented this Granada produced show Busman's Holiday
4%
LWT celebrity TV quiz show, presented by Gloria Hunniford We Love TV
1%
No matching quizzes found
Score Distribution
Percent of People with Each Score
Percentile by Number Answered
Your Score History
You have not taken this quiz